Quizzes
Events
Quiz Creation
Community
Videos
Private Events
Remove Ads
Sign In
Join for FREE
Feedback
Dark Mode
Quiz Categories
Sports
Geography
Music
Movies
Television
Just For Fun
Miscellaneous
History
Literature
Language
Science
Gaming
Entertainment
Religion
Holiday
For Kids
Quiz Lab
Recent
Popular Today
Quiz Kudos Today
Editor Picks
Curator Picks
Quizzes by...
Day
Popularity
Type
Ratings
Length
Year
Community
Subscriptions
Recent Discussions
Orange Saloon
Badges
Playlists
Quests
Create
Leaderboards
Showdown
Live 5
Trivia Bingo
Activity
Puzzle Library
Sporcle Events
Private Events
Virtual Trivia
Globe League
Become a Host
Pub Owners
SporcleCon
Opinionation
Our Games
Videos
Blog
Mobile Apps
Partnerships
Remove Ads and Go Orange
Feedback
Sports
Athletes
MLB
NBA
NHL
NFL
Soccer
Sports Teams
WWE
NCAA
Football
Premier League
Basketball
Baseball
Hockey
Golf
Tennis
Cricket
Rugby
Auto Racing
Olympics
World Cup
Sports
Athletes
MLB
NBA
NHL
NFL
Soccer
Sports Teams
WWE
NCAA
Football
Premier League
Basketball
Baseball
Hockey
Golf
Tennis
Cricket
Rugby
Auto Racing
Olympics
World Cup
Random Quiz
Search Sporcle
×
Quiz Lab
Quiz Lab
Sports
Auto Racing
Type in answers that appear in a list
Type in answers that appear in a list
Classic
Best Score? Go Orange.
Formula 1 Runners-Up Stats
Can you name the Formula 1 World Championship Runners-Up?
By
Zutroy
10m
73 Questions
8,964 Plays
8,964 Plays
8,964 Plays
Comments
Comments
Give Quiz Kudos
Give Quiz Kudos
-
- Ratings
hide this ad
Replay
Link that replays current quiz
Next Quiz
Link to next quiz in quiz playlist
You Got
0%
They Got
Avg Score
75%
Avg Friend Score
Upgrade to see
Score Distribution
Jump to the score distribution portion of the page
Score
0/73
Timer
10:00
1
Play Today
Year
Driver
% Correct
2016
Lewis Hamilton
99%
2021
Lewis Hamilton
98.9%
2017
Sebastian Vettel
98.8%
2007
Lewis Hamilton
98.7%
2018
Sebastian Vettel
98.7%
2014
Nico Rosberg
98.1%
2015
Nico Rosberg
98.1%
1998
Michael Schumacher
97.9%
2006
Michael Schumacher
97.9%
2012
Fernando Alonso
97.9%
2013
Fernando Alonso
97.9%
2019
Valtteri Bottas
97.8%
2009
Sebastian Vettel
97.7%
2020
Valtteri Bottas
97.6%
1989
Ayrton Senna
96.2%
1993
Ayrton Senna
96.2%
2022
Charles Leclerc
95.9%
1983
Alain Prost
95.6%
1984
Alain Prost
95.6%
1988
Alain Prost
95.6%
1990
Alain Prost
95.6%
2011
Jenson Button
95.6%
2008
Felipe Massa
95.6%
2003
Kimi Räikkönen
94.8%
2005
Kimi Räikkönen
94.8%
1994
Damon Hill
93.8%
1995
Damon Hill
93.8%
2000
Mika Häkkinen
93.7%
1964
Graham Hill
93.4%
1963
Graham Hill
93.4%
1965
Graham Hill
93.4%
2010
Fernando Alonso
92.8%
2002
Rubens Barrichello
92.7%
2004
Rubens Barrichello
92.7%
1950
Juan Manuel Fangio
91.5%
1953
Juan Manuel Fangio
91.5%
1976
Niki Lauda
90.3%
Year
Driver
% Correct
1986
Nigel Mansell
89.3%
1987
Nigel Mansell
89.3%
1991
Nigel Mansell
89.3%
1996
Jacques Villeneuve
88.3%
1979
Gilles Villeneuve
87.8%
2001
David Coulthard
87.6%
1999
Eddie Irvine
83.6%
1951
Alberto Ascari
82%
1980
Nelson Piquet
81.2%
1968
Jackie Stewart
81.1%
1972
Jackie Stewart
81.1%
1967
Jack Brabham
77.4%
1955
Stirling Moss
74.2%
1956
Stirling Moss
74.2%
1957
Stirling Moss
74.2%
1958
Stirling Moss
74.2%
1975
Emerson Fittipaldi
73.2%
1962
Jim Clark
73%
1952
Giuseppe Farina
71.1%
1973
Emerson Fittipaldi
69.9%
1997
Heinz-Harald Frentzen
69.5%
1992
Riccardo Patrese
63.9%
1977
Jody Scheckter
61.8%
1966
John Surtees
59.9%
1969
Jacky Ickx
51.1%
1970
Jacky Ickx
51.1%
1981
Carlos Reutemann
48.6%
1971
Ronnie Peterson
48.4%
1978
Ronnie Peterson
48.4%
1974
Clay Regazzoni
48.2%
1960
Bruce McLaren
47.2%
1985
Michele Alboreto
44.9%
1982
Didier Pironi
44.2%
1961
Wolfgang von Trips
38.2%
1954
José Froilán González
30%
1959
Tony Brooks
28.8%
Quiz Playlist
Details
Report
Send in Message
Add To Playlist
Classic:
Type in answers that appear in a list
Quiz Source
Last Updated: Feb 25, 2023
Quiz Scoreboard
CHALLENGE
Sign Up to Join the Scoreboard
Show All
Scores
Hide
Comments
May contain spoilers
Recently Published
Alphabetical 'K' Countries by Flag Minefield
by ylime102
Geography
3m
Pick 6: Fruits
by JohnFran
Miscellaneous
15s
Click the 1999 NBA Draft
by nibperrychub
Sports
2m
More to Explore
Quiz From the Vault
Featured Blog Post
15 Basketball Trivia Facts You Can Be March Mad About
hide this ad
You Might Also Like...
Tags
Auto Racing Quiz
Championship
Driver
F1 Champions
F1 Drivers
Ferrari Formula
formula
Formula 1
Formula One
Runners-up
World Championships
Today's Top Quizzes in Sports
Browse Sports
hide this ad
Today's Top Quizzes in Auto Racing
Browse Auto Racing
Top Contributed Quizzes in Sports
1
Pick 6: NFL Teams
2
MLB 2 truths and a lie: Hall of Fame pitchers
3
Les joueurs à 100 buts en Ligue 1 Uber Eats
4
Don't Strike Out: 3000 Strikeouts
5
Criteria MLB: Left Handed Sluggers
6
Pick 6: Minor League Baseball
7
2022 World Cup Stars
8
Click the 1998 NBA Draft
9
Millionaire: NBA Finals Edition
10
MLB Players with Two .350 Batting Average Seasons
Explore More
Trending Topics
Harry Potter
NBA
Kpop
Marvel
Disney
Anime
Crossword
Country
Puzzle
The Office
WWE
Soccer
Song
Pokémon
NFL
hide this ad
More By:
Zutroy
Quiz
Plays
Rating
Category
Featured
Created
Formula 1 Runners-Up
8,964
3.54
Sports
Sep 23, 2009
Robot Wars UK Finalists
1,470
3.40
Television
Sep 23, 2009
Robot Wars UK OotA's
1,143
4.43
Television
Sep 24, 2009
Robot Wars UK Grand Champions
557
4.00
Television
Sep 23, 2009
Every Williams F1 Driver
543
5.00
Sports
May 5, 2020
Go to Creator's Profile
Score Distribution
Quiz Creator Spotlight
Zutroy
Follow
Send a Message
Quizzes Created
-
Created Quiz Play Count
-
More By This Creator
Popular Quizzes Today
1
Find the US States - No Outlines Minefield
2
Countries of Asia Without Outlines Minefield
3
Pick 6: Fruits
4
Alphabetical 'K' Countries by Flag Minefield
5
The Countries of the World
6
Find the US States
7
Match the Book to the Film X
8
Click the 1999 NBA Draft
More Sports Quizzes
Anyone But Aaron Lennon
Quiz Lab
Trending Quizzes
Pick 6: Mountains
Pick 6: Harry Potter
Pick 6: NFL Teams
Pick 6: Movie Franchises
Pick 6: Golfers
Recently Updated
NWSL Teams
pecheneg
Women's Final Four Teams by Year
bhenderson79
Presidents Quartet II
eogle
Anything But Clue(do)
eogle
Anything But Oceanian Capitals
eogle
Anything But 7
eogle
Anything But Thing
eogle
Word Ladder: February 29
pecheneg
Song Title Questions
pecheneg
Women's NCAA Tournament #1 Seeds
pecheneg
Trending Topics
Marvel
Kpop
Anime
Disney
NBA
Crossword
Harry Potter
Pokémon
NFL
The Office
WWE
Song
Soccer
Country
Puzzle
Your Account Isn't Verified!
In order to create a playlist on Sporcle, you need to verify the email address you used during registration. Go to your
Sporcle Settings
to finish the process.
Report this User
Report this user for behavior that violates our
Community Guidelines
.
Details:
Send Report
Go to the Sporcle.com Mobile Site →
Comments